000 00574nai a2200169Ia 4500
003 IN-BaIIA
008 211028c9999 xx s 000 0 eng d
022 _a0021-9169 (Online)
040 _cIIA Library
245 0 _aJournal of Atmospheric and Terrestrial Physics
_h[eJournal]
260 _aOxford, U.K
_bPergamon
310 _a16/year
362 _a57(1); 1995 - 58(16); 1996
521 _bSubscribed through National Knowledge Resource Consortium (NKRC)
856 _uhttps://www.sciencedirect.com/science/journal/00219169
_yClick Here to Access eJournal
942 _cEJ
999 _c34975
_d34975